| 000 | 00000nam##2200000za#4500 |
| 001 | 9.661477 |
| 003 | CaOODSP |
| 005 | 20240209132419 |
| 007 | ta |
| 008 | 150407|2001||||xxc||||| f|0| 0 eng|d |
| 020 | |a0-662-64634-7 |
| 040 | |aCaOODSP|beng |
| 041 | |aeng |
| 041 | |afre |
| 043 | |an-cn--- |
| 086 | 1 |aC89-4/27-2-2001 |
| 110 | 2 |aAtlantic Canada Opportunities Agency. |
| 245 | 10|aDeveloping your innovative ideas |
| 260 | |aMoncton - New Brunswick : |bAtlantic Canada Opportunities Agency |c2001. |
| 546 | |aBilingual |
| 563 | |aPamphlet |
| 590 | |a01-49|b2001-12-07 |
| 690 | 07|aBusinesses|2gcpds |
| 690 | 07|aAtlantic provinces|2gcpds |
| 776 | 0#|tLe développement d'idées novatrices |w(CaOODSP)9.638195 |
| 776 | 0#|tDeveloping your innovative ideas |w(CaOODSP)9.694012 |
| 792 | |tLe développement d'idées novatrices |efre|w(CaOODSP)9.661478 |